LEADER 01038nam--2200349---450 001 990000710180203316 005 20200925081854.0 010 $a0-521-40726-5 035 $a0071018 035 $aUSA010071018 035 $a(ALEPH)000071018USA01 035 $a0071018 100 $a20011030d1991----km-y0itay0103----ba 101 $aeng 102 $aGB 105 $a||||||||001yy 200 1 $aRichard III$ea study of service$fRosemary Horrox 210 $aCambridge$cCambridge university press$d1991 215 $aX, 359 p.$d22 cm 225 2 $aCambridge studies in medieval life and thought$hSer. 4$v2 410 $12001$aCambridge studies in medieval life and thought$hSer. 4$v2 461 1$1001-------$12001 606 0 $aRiccardo 676 $a942.046 700 1$aHORROX,$bRosemary$0549245 801 0$aIT$bsalbc$gISBD 912 $a990000710180203316 951 $aX.1.B. 336(II i B 1358)$b112664 L.M.$cIIi B 959 $aBK 969 $aUMA 996 $aRichard III$91757516 997 $aUNISA LEADER 05214nam 22006371 450 001 9910450771803321 005 20200514202323.0 010 $a1-4725-6369-7 010 $a1-280-80836-5 010 $a9786610808366 010 $a1-84731-095-8 024 3 $a9781841135909 (pbk.) 035 $a(CKB)1000000000338373 035 $a(EBL)270798 035 $a(OCoLC)476005546 035 $a(SSID)ssj0000155599 035 $a(PQKBManifestationID)12037637 035 $a(PQKBTitleCode)TC0000155599 035 $a(PQKBWorkID)10111540 035 $a(PQKB)11183968 035 $a(MiAaPQ)EBC1772721 035 $a(MiAaPQ)EBC270798 035 $a(OCoLC)1152648927 035 $a(UtOrBLW)bpp09256339 035 $a(Au-PeEL)EBL270798 035 $a(OCoLC)437173018 035 $a(EXLCZ)991000000000338373 100 $a20140929d2006 uy 0 101 0 $aeng 135 $aur|n|---||||| 181 $ctxt 182 $cc 183 $acr 200 14$aThe first women lawyers $ea comparative study of gender, law and the legal professions /$fMary Jane Mossman 205 $a1st ed. 210 1$aOxford, England ;$aPortland, OR :$cHart Publishing,$d2006. 215 $a1 online resource (342 p.) 300 $aIncludes bibliographical references(pages 291-316) and index. 311 $a1-84113-590-9 320 $aIncludes bibliography and index. 327 $aIntroduction The First Women Lawyers -- Prologue: Contemporary Questions about Women as Lawyers -- Rethinking the First Women Lawyers: Themes of Gender, Professionalism and Women's Lives -- Toward a Comparative History: Introducing the First Women Lawyers -- 1 American Pioneers: The First Women Lawyers -- A Century of Struggle -- The Context for the First Women Lawyers: New Ideas about Women's Equality and Legal Professionalism -- Constitutionalising (In)Equality for Women Lawyers -- Women's Rights and Professional Identities -- 2 Women Lawyers in Canada: Becoming Lawyers 'On the Same Terms as Men' -- Women as 'Fellow Lawyers' -- The Context for the First Women Lawyers in Canada: Reformist Ideas about Professionalism and Women's Roles -- 'Persons,' Pronouns, and Policy Choices: Judicial Reasoning in French and Langstaff -- Contested Ideas: New Women and Legal Professionalism -- 3 'Sound Women' and Legal Work: The First Women in Law in Britain -- Women's Access to the Legal Professions in Britain -- Eliza Orme: Challenging 'Woman's Sphere' and a 'Gentleman's Profession' -- A Woman in Law in the Public Sphere -- Eliza Orme and the Gender Issue -- 4 Colonies of the British Empire: The First Woman Lawyer in New Zealand -- Women Lawyers in the Colonies -- Ethel Benjamin -- A 'Rebel [Extending] the Boundary of the Right'? -- 5 The Empire and British India: The First Indian Woman 'In Law' -- A Woman Pleading in a British Court in India: 1896 -- Becoming a Woman in Law in India -- Cornelia Sorabji: 'No Peer Among the Women of India' -- 6 European Connections: Women in Law and the Role of Louis Frank -- La Femme-Avocat and European Women Lawyers -- Lydia Poe?t, Marie Popelin and Jeanne Chauvin: Louis Frank's Support for Women in Law -- The Context of L'Affaire Chauvin -- Conclusion Reflecting on the First Women Lawyers 330 8 $aThis comparative study explores the lives of some of the women who first initiated challenges to male exclusivity in the legal professions in the late-nineteenth and early-twentieth centuries. Their challenges took place at a time of considerable optimism about progressive societal change, including new and expanding opportunities for women, as well as a variety of proposals for reforming law, legal education, and standards of legal professionalism. By situating women's claims for admission to the bar within this reformist context in different jurisdictions, the study examines the intersection of historical ideas about gender and about legal professionalism at the turn of the twentieth century. In exploring these systemic issues, the study also provides detailed examinations of the lives of some of the first women lawyers in six jurisdictions: the United States, Canada, Britain, New Zealand and Australia, India, and western Europe. In exploring how individual women adopted different legal arguments in litigated cases, or devised particular strategies to overcome barriers to professional work, the study assesses how shifting and contested ideas about gender and about legal professionalism shaped women's opportunities and choices, as well as both support for and opposition to their claims. As a comparative study of the first women lawyers in several different jurisdictions, the book reveals how a number of quite different women engaged with ideas of gender and legal professionalism at the turn of the twentieth century 606 $aWomen lawyers 606 $2Human rights & civil liberties law 608 $aElectronic books. 615 0$aWomen lawyers. 676 $a340 676 $a340.082 700 $aMossman$b Mary Jane$0522955 801 0$bUtOrBLW 801 1$bUtOrBLW 801 2$bUkLoBP 906 $aBOOK 912 $a9910450771803321 996 $aThe first women lawyers$92462112 997 $aUNINA LEADER 01386nam 2200421 450 001 9910467646903321 010 $a1-55844-384-3 035 $a(CKB)4100000007265910 035 $a(MiAaPQ)EBC5742346 035 $a(EXLCZ)994100000007265910 100 $a20190413d2014 uy 0 101 0 $aeng 135 $aurcnu|||||||| 181 $ctxt$2rdacontent 182 $cc$2rdamedia 183 $acr$2rdacarrier 200 10$aLessons from Sandy $efederal policies to build climate-resilient coastal regions /$fRobert Pirani and Laura Tolkoff 210 1$aCambridge, MA :$cLincoln Institute of Land Policy,$d[2014] 210 4$dİ2014 215 $a1 online resource (52 pages) 225 1 $aPolicy Focus Series 311 $a1-55844-300-2 410 0$aPolicy focus series (Lincoln Institute of Land Policy) 606 $aHazard mitigation$xGovernment policy$zUnited States 606 $aCoastal zone management$xGovernment policy$zUnited States 608 $aElectronic books. 615 0$aHazard mitigation$xGovernment policy 615 0$aCoastal zone management$xGovernment policy 676 $a363.346 700 $aPirani$b Robert$f1959-$0955861 702 $aTolkoff$b Laura 801 0$bMiAaPQ 801 1$bMiAaPQ 801 2$bMiAaPQ 906 $aBOOK 912 $a9910467646903321 996 $aLessons from Sandy$92163542 997 $aUNINA